00714nam 22002293 4500001000700000010002200007021001400029090001100043100004100054200006200095205000800157210003300165215003200198606003800230610001100268675002800279700005100307801001800358830001600376990001100392995008100403200528 a978-989-697-493-0 b339258/12 a200528 a20260211d u||y0pory50 ba aAfinal o que é a Poesia?fMargarida Ejarque Albuquerque a1ª aLisboacChiado Editorad2012 a35, [3] p.cbrochadod22 cm 951aLiteratura Juvenil Portuguesa aPoesia a821.134.3-2-93vPTzpor 916338aAlbuquerquebMargarida Ejarquef[19--?] aPTbBMMNgRPC cAna Caetano cLIVROS 002052026-02-11929970bEBSJDf29713k821.134.3-2-93 ALBo0rLIVROSsCompra